000 00257nam a22001097a 4500
082 _a939.8 EUE'I
100 _aEVERSLEY, LORD
_957684
245 _aTHE TURKISH EMPIRE ITS GROWTH AND DECAY
260 _aLAHORE
_bPREMIER
_c1957
300 _a492P
942 _cBK
999 _c567957
_d567957